000 00458nam a22001817a 4500
003 MPLRDC
005 20220104144036.0
008 210129b ||||| |||| 00| 0 eng d
082 _a868.71 ZXS v.20 c.2
100 _a中学生丛书编委会
245 _a夜袭. 飙城. 平安夜
_c
250 _a初版
260 _a
_b董总
_c1995
300 _b
490 _a中学生丛书之廿
650 _a马华文学
942 _cBK
_o868.71 ZXS v.20 c.2
999 _c45830
_d45820